Composition - Finale LDC 2019 : Liverpool - Tottenham - Statistiques

Statistiques générales
  • Ce quiz a été pris 1 212 fois
  • Le résultat moyen est 21 sur 30
Statistiques - réponses
Joueurs % Correct
Mohamed Salah
99%
Dele Alli
98%
Sadio Mané
97%
Virgil Van Dijk
97%
Alisson Becker
96%
Hugo Lloris
96%
Roberto Firmino
95%
Trent Alexander-Arnold
95%
Andrew Robertson
94%
Harry Kane
94%
Heung-Min Son
93%
Jordan Henderson
83%
Joël Matip
79%
Jürgen Klopp
76%
Fabinho
73%
Lucas Moura
72%
James Milner
67%
Divock Origi
65%
Georginio Wijnaldum
65%
Jan Vertonghen
65%
Joe Gomez
62%
Mauricio Pochettino
58%
Moussa Sissoko
53%
Toby Alderweireld
52%
Danny Rose
47%
Christian Eriksen
36%
Kieran Trippier
34%
Eric Dier
31%
Fernando Llorente
26%
Harry Winks
26%
Aucun quiz correspondant
Distribution des résultats
% des personnes avec chaque résultat
Percentile par nombre de réponses
Votre historique - résultats
Vous n’avez pas pris ce quiz